00468nam a2200169 a 450000100100000000500170001000800410002702000150006804000250008308200150010810000140012324500470013726000530018430000270023749000170026483000170028100002934720200930055507.0110415s2003 dr a 000 | spa d a999343373x aDO-SdBNPbspacBNPHU axxxbR831L1 aRossi, A.13aEl limón :bfuente de salud /cA. Rossi. aSanto Domingo :bGrupo Editorial Fénix,c2003. a47 p. :bil. ;c21 cm.1 aSalud y vida 0aSalud y vida